Taxmann student's guide to income tax including central sales tax CA (PE-II, May/Nov., 2007)/CS (Inter, June 2007)/ICWA(Inter, June, 2007) (Record no. 2009)
[ view plain ]
| 000 -LEADER | |
|---|---|
| fixed length control field | 00810 a2200193 4500 |
| 020 ## - INTERNATIONAL STANDARD BOOK NUMBER | |
| International Standard Book Number | 8171944442 |
| Terms of availability | 370.00 |
| 035 ## - SYSTEM CONTROL NUMBER | |
| System control number | B-210784 |
| 037 ## - SOURCE OF ACQUISITION | |
| Source of stock number/acquisition | RP-M-8 / PANSY-07-08:3 / RP-07-08:ENG |
| 082 14 - DEWEY DECIMAL CLASSIFICATION NUMBER | |
| Classification number | 336.24 |
| 090 ## - LOCALLY ASSIGNED LC-TYPE CALL NUMBER (OCLC); LOCAL CALL NUMBER (OCLC) | |
| -- | 2043 |
| -- | 2043 |
| 100 1# - MAIN ENTRY--PERSONAL NAME | |
| Personal name | Singhania, Vinod K. |
| 245 1# - TITLE STATEMENT | |
| Title | Taxmann student's guide to income tax including central sales tax CA (PE-II, May/Nov., 2007)/CS (Inter, June 2007)/ICWA(Inter, June, 2007) |
| Statement of responsibility, etc | by Vinod K. Singhania, Monica Singhania |
| 250 ## - EDITION STATEMENT | |
| Edition statement | 36th ed |
| 260 ## - PUBLICATION, DISTRIBUTION, ETC. (IMPRINT) | |
| Place of publication, distribution, etc | New Delhi |
| Name of publisher, distributor, etc | Taxmann Publications |
| Date of publication, distribution, etc | 2006 |
| 270 ## - ADDRESS | |
| Address | 59/32, New Rohtak Road |
| City | New Delhi |
| State or province | Delhi |
| Postal code | 110005 |
| Telephone number | 28714449 |
| Fax number | 28715041 |
| Electronic mail address | sales@taxmann.com |
| 300 ## - PHYSICAL DESCRIPTION | |
| Extent | xvi, 1125 p |
| Dimensions | 24 cm (pbk) |
| 942 ## - ADDED ENTRY ELEMENTS (KOHA) | |
| Institution code [OBSOLETE] | dpl |
| Koha item type | English Books |
| Call number prefix | 336.24 / SIN |
| Withdrawn status | Lost status | Source of classification or shelving scheme | Damaged status | Not for loan | Collection code | Home library | Current library | Cost, normal purchase price | Total Checkouts | Full call number | Barcode | Date last seen | Copy number | Uniform Resource Identifier | Cost, replacement price | Price effective from | Koha item type |
|---|---|---|---|---|---|---|---|---|---|---|---|---|---|---|---|---|---|
| Dewey Decimal Classification | Ordered | Non-fiction | Mobile Library | Mobile Library | 370.00 | 336.24 SIN | B-210784 | 15/09/2008 | 1 | 2123 | 370.00 | 15/09/2008 | English Books |
